Reforma sociálneho poistenia Slovenskej republiky v európskom kontexte

Liberálna reforma sociálneho poistenia a jej dopad na na sociálnu bezpečnosť občanov Slovenska. Modely sociálneho zabezpečenia vo svete. Právny stav v oblasti sociálneho, nemocenského a dôchodkového poistenia, porovnanie so zahraničím. Invalidné dôchodky a úrazové poistenie. Dôchodky pozostalých. P...

Ausführliche Beschreibung

Gespeichert in:
Bibliographische Detailangaben
1. Verfasser: Barancová, Helena
Format: Buchkapitel
Sprache:Slowakisch
Schlagworte:
Tags: Tag hinzufügen
Keine Tags, Fügen Sie das erste Tag hinzu!

MARC

LEADER 00000naa$a2200000$$$4500
001 0026000
005 20231102091357.6
041 0 |a slo 
044 |a SK 
245 1 0 |a Reforma sociálneho poistenia Slovenskej republiky v európskom kontexte  |c Helena Barancová 
520 |a Liberálna reforma sociálneho poistenia a jej dopad na na sociálnu bezpečnosť občanov Slovenska. Modely sociálneho zabezpečenia vo svete. Právny stav v oblasti sociálneho, nemocenského a dôchodkového poistenia, porovnanie so zahraničím. Invalidné dôchodky a úrazové poistenie. Dôchodky pozostalých. Poistenie v nezamestnanosti. Dávky v nezamestnanosti, porovnanie so zahraničím. Garančné poistenie. 
610 2 0 |a Slovensko 
610 2 0 |a úpravy právne 
610 2 0 |a reformy sociálne 
610 2 0 |a Európska únia 
610 2 0 |a Medzinárodný menový fond 
610 2 0 |a Svetová banka 
610 2 0 |a OECD 
610 2 0 |a politika dôchodková 
610 2 0 |a minimum existenčné 
610 2 0 |a dávky poistenia nemocenského 
610 2 0 |a dávky sociálne 
610 2 0 |a dávky v materstve 
610 2 0 |a dôchodky invalidné 
610 2 0 |a dôchodky sociálne 
610 2 0 |a dôchodky starobné 
610 2 0 |a nemocenské 
610 2 0 |a poistenie dôchodkové 
610 2 0 |a poistenie starobné 
610 2 0 |a poistenie zdravotné 
610 2 0 |a poistenie úrazové 
610 2 0 |a poistenie v nezamestnanosti 
100 1 |a Barancová, Helena